000 00523nam a2200193Ia 4500
003 GCL
008 140319s9999 xx 000 0 eng d
040 _aGCL /
_cGCL
082 0 4 _a658.4038
_bT I
100 1 _aTAYLOR, ALLAIN
245 1 0 _aINFORMATION MANAGEMENT FOR BUSINESS /
_cTAYLOR, ALLAIN
700 1 _aFARRELL, STEPHAN
260 _a[S.N] :
_bASLIB ،
_c1994
300 _a170 P
650 0 4 _aالادب السويسرى
650 0 4 _aGENERAL MANAGEMENT
650 0 4 _aINFORMATION MANAGEMENT
942 _2ddc
_cBK
999 _c15771
_d15771